000 00918nam a2200241 i 4500
001 43071
003 ES-MaACL
005 20250916063035.0
007 t|
008 030314s1944 sp ||||1| spa d
040 _cES-MaACL
100 1 _aCastro, Rosalía de,
_d1837-1885
_9147676
_eaut
245 1 0 _aObras completas /
_cRosalía de Castro ; recopilación, prólogo y notas de Victoriano García Martí.
260 _aMadrid :
_bM. Aguilar,
_c1944 (
_fEugenio Sánchez Leal)
300 _aCCVI, 1432 páginas :
_b1 retrato de la autora ;
_c14 cm.
600 1 4 _9147676
_aCastro, Rosalía de,
_d1837-1885
700 1 _aGarcía Martí, Victoriano,
_d1881-1966
_954896
_etrl
852 _aES-MaACL
_jB-10167
_bR.21305
_cSPB
_944668
852 _aES-MaACL
_jA-2889
_bR.21752
_944667
_cSPP1
942 _cMONOGRAFIA
_n0
999 _c43071
_d43071